000 00807nas a2200253 4500
001 BR0001765
003 BR-BrBNA
005 20231205101820.0
007 ta
008 230509b bl.|||p| |||| 00| 00por d
040 _aBR-BrBNA
_bpor
_cBiblioteca Nacional de Agricultura
041 _a(Pt)
072 _aQ02
100 1 _aBarreto, P.L.M.
100 1 _aBeirao, L.H.
245 1 _aInfluencia do amido e carragena nas propriedades texturiais de surimi de tilapia (Oreochomis sp.)
650 _aTilapia
650 _aTecnologia de Alimento
650 _aPropriedade Reologica
650 _aSanta Catarina
773 0 _tCiencia e Tecnologia de Alimentos (Brazil)
_xISSN 0101-2061
_g(May-Aug 1999), v. 19(2) p. 183-188
_wBR0001765
909 _a202311
_bLúcia
_c55
_dLúcia Elande
942 _2AGRIS
_n0
_cANA
999 _c164106
_d164106